[Event "AUTO-OPEN-237"]
[Site "http://www.queenalice.com/game.php?id=58869"]
[Date "2006.3.22"]
[Round "1"]
[White "otax"]
[Black "Marcone"]
[Result "0-1"]
[WhiteElo "1513"]
[BlackElo "1766"]

1. d4 Nf6 2. c4 g6 3. Nc3 Bg7 4. e4 d6 5. f4 O-O 6. Nf3 c5 7. d5 e6 8. e5 dxe5
9. fxe5 Ng4 10. Bf4 Nd7 11. Qe2 exd5 12. cxd5 Ndxe5 13. O-O-O Bf5 14. h3 Nd3+
15. Rxd3 Bxd3 16. Qxd3 Nf2 17. Qd2 Nxh1 18. g4 f5 19. g5 Qa5 0-1

[Event "AUTO-OPEN-237"]
[Site "http://www.queenalice.com/game.php?id=58870"]
[Date "2006.3.22"]
[Round "1"]
[White "Marcone"]
[Black "otax"]
[Result "1-0"]
[WhiteElo "1781"]
[BlackElo "1477"]

1. e4 e6 2. e5 d5 3. d4 c5 4. c3 Nc6 5. Nf3 Qb6 6. a3 c4 7. Nbd2 Nge7 8. Bxc4
dxc4 9. Nxc4 Qc7 10. Nd6+ Kd7 11. Nxf7 1-0

[Event "AUTO-OPEN-237"]
[Site "http://www.queenalice.com/game.php?id=58889"]
[Date "2006.3.22"]
[Round "1"]
[White "dmilan"]
[Black "Marcone"]
[Result "0-1"]
[WhiteElo "1435"]
[BlackElo "1794"]

1. e4 e5 2. Nf3 Nc6 3. Bb5 Nf6 4. d3 d6 5. O-O Bd7 6. Nc3 d5 7. exd5 Nd4 8.
Bxd7+ Qxd7 9. Nxd4 exd4 10. Ne2 Bc5 11. c4 dxc3 12. Nxc3 O-O 13. Bf4 Bd4 14. Qf3
Rfe8 15. Rac1 Bxc3 16. Rxc3 Nxd5 17. Rc4 Qf5 18. g3 c6 19. a3 Re6 20. g4 Rg6 21.
h3 Qf6 22. Kg2 Qxb2 23. Bc1 Qb3 24. Re1 Rf8 25. Qd1 Qxd1 26. Rxd1 f5 27. a4 Nb6
28. Rb4 a5 29. Rxb6 fxg4 0-1

[Event "AUTO-OPEN-237"]
[Site "http://www.queenalice.com/game.php?id=58890"]
[Date "2006.3.22"]
[Round "1"]
[White "Marcone"]
[Black "dmilan"]
[Result "1-0"]
[WhiteElo "1802"]
[BlackElo "1492"]

1. e4 e5 2. Nf3 Nc6 3. Bb5 a6 4. Ba4 b5 5. Bb3 Nf6 6. Ng5 Qe7 7. Nxf7 Rg8 8. Ng5
Rh8 9. Nc3 d6 10. Nd5 Nxd5 11. Bxd5 Bb7 12. Nf7 Rg8 13. d3 h6 14. a4 Nd8 15.
Nxd6+ Qxd6 16. Bxg8 Nc6 17. axb5 1-0

[Event "AUTO-OPEN-237"]
[Site "http://www.queenalice.com/game.php?id=58901"]
[Date "2006.3.22"]
[Round "1"]
[White "Marcone"]
[Black "Broa"]
[Result "1-0"]
[WhiteElo "1785"]
[BlackElo "1440"]

1. e4 e5 2. Nf3 Bd6 3. Nc3 Nf6 4. d4 exd4 5. Nxd4 Bb4 6. Qd3 Nc6 7. Bd2 O-O 8.
Be2 Ne5 9. Qe3 Nfg4 10. Bxg4 Nxg4 11. Qf3 d6 12. h3 Ne5 13. Qg3 Bxc3 14. bxc3
Qe8 15. Bh6 Ng6 16. Be3 Qxe4 17. O-O Bd7 18. Rfe1 Rae8 19. Qg5 Re5 20. Qg3 Ra5
21. Bd2 Qh4 22. Qxh4 Nxh4 23. Re7 Rd8 24. Nb3 Rg5 25. Bxg5 Nf5 26. Rxf7 Kxf7 27.
Bxd8 c5 28. Rd1 Ba4 29. Re1 c4 30. g4 Nh6 31. Re7+ Kf8 32. Nd4 1-0

[Event "AUTO-MASTER-120"]
[Site "http://www.queenalice.com/game.php?id=58953"]
[Date "2006.3.23"]
[Round "1"]
[White "smazinga"]
[Black "Marcone"]
[Result "1-0"]
[WhiteElo "1768"]
[BlackElo "1806"]

1. e4 e5 2. Nf3 Nc6 3. Bb5 a6 4. Ba4 d6 5. h3 Bd7 6. c3 Nf6 7. d3 b5 8. Bb3 Be7
9. Bg5 Na5 10. O-O Nxb3 11. Qxb3 O-O 12. Nbd2 c5 13. Rac1 Nh5 14. Bxe7 Qxe7 15.
h4 Nf4 16. c4 Ne2+ 17. Kh1 Nxc1 18. Rxc1 Qf6 19. cxb5 Bxb5 20. a4 Bd7 21. Nc4
Bg4 22. Ncd2 Rab8 23. Qa2 Qh6 24. Rc2 g5 25. g3 Qh5 26. Kg2 gxh4 27. Nxh4 Rb4
28. Qd5 Rd8 29. b3 Rb7 30. Qxb7 Be6 31. f3 Qg5 32. Nf1 Bc8 33. Qc6 Kf8 34. Kf2
Qe7 35. Ne3 Qb7 36. Qxb7 Bxb7 37. Nhf5 Bc8 38. f4 exf4 39. gxf4 Be6 40. Nc4 Bxc4
41. bxc4 Rb8 42. Nxd6 1-0

[Event "AUTO-MASTER-120"]
[Site "http://www.queenalice.com/game.php?id=58954"]
[Date "2006.3.23"]
[Round "1"]
[White "Marcone"]
[Black "smazinga"]
[Result "1-0"]
[WhiteElo "1749"]
[BlackElo "1772"]

1. e4 c5 2. Nf3 Nc6 3. Bb5 d6 4. O-O Bg4 5. d4 cxd4 6. Qxd4 Bxf3 7. gxf3 a6 8.
Bxc6+ bxc6 9. Rd1 e6 10. Na3 c5 11. Qa4+ Qd7 12. Qxd7+ Kxd7 13. Nc4 Rb8 14. Bf4
e5 15. Bxe5 Kc6 16. Bxd6 Bxd6 17. Nxd6 Nh6 18. Nc4 Rhe8 19. Rd6+ Kb5 20. b3 f6
21. c3 1-0

[Event "AUTO-MASTER-120"]
[Site "http://www.queenalice.com/game.php?id=58965"]
[Date "2006.3.23"]
[Round "1"]
[White "rubenov"]
[Black "Marcone"]
[Result "1-0"]
[WhiteElo "1810"]
[BlackElo "1771"]

1. d4 Nf6 2. Nc3 d5 3. Bg5 Bf5 4. e3 Nc6 5. Bb5 a6 6. Ba4 b5 7. Bxf6 gxf6 8. Qf3
e6 9. Bb3 Nb4 10. O-O-O a5 11. a3 Nc6 12. Nxd5 Ra6 13. e4 exd5 14. Qxf5 Ne7 15.
Qf3 dxe4 16. Qxe4 Bh6+ 17. Kb1 O-O 18. g4 b4 19. a4 Rd6 20. h4 Nc6 21. Nf3 Qd7
22. g5 f5 23. Qf4 Bg7 24. d5 Ne7 25. Ne5 Bxe5 26. Qxe5 c6 27. h5 Nxd5 28. g6
Nc3+ 29. bxc3 Rxd1+ 30. Rxd1 Qxd1+ 31. Ka2 Qxh5 32. gxf7+ Rxf7 33. Qxa5 bxc3 34.
Qxc3 Kf8 35. Qh8+ Ke7 36. Qe5+ Kd7 37. Qe6+ Kd8 38. Qxf7 Qxf7 39. Bxf7 Ke7 40.
Bh5 f4 41. Kb3 Kd6 42. Kc4 Kd7 43. Kc5 Kc7 44. Bf3 1-0

[Event "AUTO-MASTER-120"]
[Site "http://www.queenalice.com/game.php?id=58966"]
[Date "2006.3.23"]
[Round "1"]
[White "Marcone"]
[Black "rubenov"]
[Result "0-1"]
[WhiteElo "1787"]
[BlackElo "1794"]

1. e4 c5 2. Nf3 d6 3. Bb5+ Nc6 4. Bxc6+ bxc6 5. c4 Bg4 6. O-O Nf6 7. Nc3 e5 8.
h3 Bh5 9. g4 Bg6 10. d3 h6 11. Qa4 Qd7 12. Be3 Be7 13. Qd1 Nxg4 14. hxg4 Qxg4+
15. Kh2 Bh5 16. Qa4 O-O 17. Ne1 f5 18. Qxc6 f4 19. Bd2 Rac8 20. Qd5+ Kh8 21. Qb7
Qh4+ 22. Kg1 f3 23. Nd5 Bg5 24. Bxg5 Qxg5+ 25. Kh2 Bg4 26. Kh1 Qh4+ 27. Kg1 Bh3
28. Ne3 Rf6 29. Nxf3 Rxf3 30. Qa6 Rxe3 31. Qxc8+ Bxc8 32. fxe3 Qg3+ 33. Kh1 Kg8
34. Rf5 Bxf5 35. exf5 Qxe3 0-1

[Event "AUTO-MASTER-120"]
[Site "http://www.queenalice.com/game.php?id=58973"]
[Date "2006.3.23"]
[Round "1"]
[White "Marcone"]
[Black "Paulo_Rodrigues"]
[Result "0-1"]
[WhiteElo "1769"]
[BlackElo "1659"]

1. e4 c6 2. d4 d5 3. exd5 cxd5 4. c4 e6 5. c5 Nc6 6. Nf3 Nf6 7. Bb5 Bd7 8. O-O
Be7 9. Bxc6 Bxc6 10. Nc3 O-O 11. Bg5 h6 12. Bxf6 Bxf6 13. Ne5 Bxe5 14. dxe5 Qc7
15. f4 Bb5 16. Nxb5 Qxc5+ 17. Kh1 Qxb5 18. Qd4 Rfc8 19. Rfc1 Rc4 20. Rxc4 Qxc4
21. Qxc4 dxc4 22. Rd1 Kf8 23. Rd7 b5 24. Kg1 Ke8 25. Rb7 a6 26. Kf2 Rd8 27. Ke2
Rd4 28. Rb8+ Rd8 29. Rxd8+ Kxd8 30. Ke3 Kd7 31. Kd4 Kc6 32. g3 h5 33. h3 g6 34.
a3 a5 35. a4 Kb6 36. g4 h4 37. g5 Kc6 38. Kc3 Kc5 39. axb5 Kxb5 40. b3 cxb3 41.
Kxb3 a4+ 42. Ka3 Kc4 43. Ka2 Kd4 44. Ka3 Ke4 0-1

[Event "AUTO-MASTER-120"]
[Site "http://www.queenalice.com/game.php?id=58974"]
[Date "2006.3.23"]
[Round "1"]
[White "Paulo_Rodrigues"]
[Black "Marcone"]
[Result "0-1"]
[WhiteElo "1655"]
[BlackElo "1757"]

1. d4 Nf6 2. c4 g6 3. Nc3 Bg7 4. e4 d6 5. Nf3 O-O 6. Be2 e5 7. dxe5 dxe5 8. Qxd8
Rxd8 9. Nxe5 Re8 10. f4 Nc6 11. Nxc6 bxc6 12. e5 Nh5 13. Bxh5 gxh5 14. O-O Bf5
15. Re1 Rad8 16. Be3 a6 17. Rad1 Bg4 18. Rxd8 Rxd8 19. h3 Bf5 20. Rd1 Rxd1+ 21.
Nxd1 f6 22. Bd4 fxe5 23. Bxe5 Bxe5 24. fxe5 Kf7 25. Ne3 Bd3 26. c5 Ke6 27. Kf2
Kxe5 28. g4 hxg4 29. Nxg4+ Kd4 30. b4 Kc3 31. Ke3 Bf5 32. a3 Kb3 33. Kd4 h5 34.
Nf6 h4 35. Ne8 Bxh3 36. Nxc7 Bf1 37. Ke3 h3 0-1

[Event "Amistoso Marison x Marcone"]
[Site "http://www.queenalice.com/game.php?id=64473"]
[Date "2006.4.20"]
[Round "-"]
[White "Marcone"]
[Black "marison"]
[Result "1-0"]
[WhiteElo "1769"]
[BlackElo "1677"]

1. e4 e5 2. Nf3 Nc6 3. Bb5 Qf6 4. O-O a6 5. Bxc6 dxc6 6. Nc3 Be6 7. d3 Bd6 8.
Re1 O-O-O 9. Bg5 Qg6 10. Bxd8 Kxd8 11. d4 Bg4 12. dxe5 Bxf3 13. Qxf3 Bxe5 14.
Rad1+ Kc8 15. Qh3+ Qe6 16. Qe3 Kb8 17. Rd8+ Qc8 18. Rxc8+ 1-0

[Event "Amistroso II - Marison x Marcone"]
[Site "http://www.queenalice.com/game.php?id=67758"]
[Date "2006.5.8"]
[Round "-"]
[White "Marcone"]
[Black "marison"]
[Result "1-0"]
[WhiteElo "1769"]
[BlackElo "1631"]

1. e4 e5 2. Nf3 Nc6 3. Bc4 h6 4. d3 Qf6 5. Nc3 Bb4 6. Bd2 Bxc3 7. Bxc3 a6 8. d4
d6 9. d5 Nce7 10. b4 b5 11. Bb3 Bg4 12. a4 bxa4 13. Bxa4+ Kf8 14. Qe2 Qf4 15.
Bd2 Qf6 16. O-O Ng6 17. Bc6 Bxf3 18. Rxa6 Bxe2 19. Rxa8+ Ke7 20. Re8# 1-0

[Event "AUTO-OPEN-203"]
[Site "http://www.queenalice.com/game.php?id=69615"]
[Date "2006.5.17"]
[Round "2"]
[White "denisaja"]
[Black "Marcone"]
[Result "1/2-1/2"]
[WhiteElo "1946"]
[BlackElo "1803"]

1. e4 e5 2. Bc4 c6 3. Qh5 Qe7 4. Nf3 d5 5. exd5 cxd5 6. Bxd5 Nf6 7. Bxf7+ Kd8 8.
Qg5 Qxf7 9. Nxe5 Qc7 10. Nc3 Nc6 11. Nxc6+ bxc6 12. O-O Bd6 13. Qh4 Bd7 14. d3
Kc8 15. Ne4 Be5 16. Re1 Nxe4 17. Rxe4 Bf5 18. Ra4 Re8 19. Bf4 Bxf4 20. Qxf4 Qxf4
21. Rxf4 g6 22. Rc4 Kc7 23. Ra4 Re2 24. Rc1 Kb6 25. Rb4+ Ka5 26. Rd4 Rae8 27. g4
Be6 28. Kf1 Bc8 29. h3 Kb6 30. Rb4+ Kc7 31. Ra4 a6 32. a3 h5 33. Rc4 a5 34. b3
Ba6 35. Rc5 Kb6 36. Rc3 hxg4 37. hxg4 1/2-1/2

[Event "AUTO-OPEN-203"]
[Site "http://www.queenalice.com/game.php?id=69616"]
[Date "2006.5.17"]
[Round "2"]
[White "Marcone"]
[Black "denisaja"]
[Result "1-0"]
[WhiteElo "1779"]
[BlackElo "1970"]

1. e4 e5 2. Nf3 Nc6 3. Bb5 Bc5 4. c3 Nge7 5. O-O Bb6 6. d4 exd4 7. cxd4 f5 8.
exf5 Nxf5 9. Re1+ Nce7 10. Bg5 O-O 11. Nh4 Nxd4 12. Bxe7 Nxb5 13. Nf3 Qe8 14.
Bxf8 Qxf8 15. Qd5+ Kh8 16. Qxb5 c6 17. Qh5 g6 18. Qh4 d6 19. Re7 h6 20. Nc3 Bd8
21. Qd4+ Kg8 22. Qc4+ d5 23. Nxd5 Bxe7 24. Nxe7+ Kh7 25. Re1 Bf5 26. Qh4 Rd8 27.
Nxf5 gxf5 28. Ng5+ Kg8 29. Ne6 Re8 30. Qg3+ Kf7 31. Qb3 Rxe6 32. Qxe6+ Kg7 33.
Qd7+ Qf7 34. Re7 Qxe7 35. Qxe7+ Kg6 36. Qxb7 1-0

[Event "AUTO-OPEN-203"]
[Site "http://www.queenalice.com/game.php?id=69621"]
[Date "2006.5.17"]
[Round "2"]
[White "Francisco"]
[Black "Marcone"]
[Result "1-0"]
[WhiteElo "2022"]
[BlackElo "1801"]

1. d4 d5 2. Nf3 Nf6 3. Bg5 Ne4 4. Bh4 c5 5. dxc5 Nc6 6. c3 f6 7. Nbd2 g5 8. Bg3
Nxc5 9. e3 e5 10. h4 g4 11. Nh2 f5 12. Be2 Bd6 13. f4 exf4 14. Bxf4 Bxf4 15.
exf4 Qxh4+ 16. Kf1 1-0

[Event "AUTO-OPEN-203"]
[Site "http://www.queenalice.com/game.php?id=69622"]
[Date "2006.5.17"]
[Round "2"]
[White "Marcone"]
[Black "Francisco"]
[Result "0-1"]
[WhiteElo "1809"]
[BlackElo "2014"]

1. e4 c6 2. d4 d5 3. Nd2 dxe4 4. Nxe4 Bf5 5. Ng3 Bg6 6. h4 h6 7. Nf3 Nd7 8. h5
Bh7 9. Bd3 Bxd3 10. Qxd3 Ngf6 11. Bf4 e6 12. O-O Be7 13. Ne4 Nxe4 14. Qxe4 Nf6
15. Qe5 Qb6 16. c4 O-O 17. b3 Rad8 0-1

[Event "Tira Ferrugem"]
[Site "http://www.queenalice.com/game.php?id=645548"]
[Date "2009.9.1"]
[Round "-"]
[White "LuisHenrique"]
[Black "Marcone"]
[Result "0-1"]
[WhiteElo "1611"]
[BlackElo "1757"]

1. e4 c5 2. Nc3 Nc6 3. g3 g6 4. Bg2 Bg7 5. d3 d6 6. f4 Nf6 7. Nf3 O-O 8. O-O Rb8
9. h3 b5 10. g4 b4 11. Na4 Bd7 12. b3 Nxe4 13. Rb1 Nc3 14. Nxc3 Bxc3 15. Ng5 Qb6
16. Be3 d5 17. Bxd5 Bd4 18. Bf2 e6 19. Be4 Qc7 20. Qd2 Rfe8 21. Kg2 f6 22. Nf3
Bc3 23. Qc1 Qa5 24. Nd2 Qxa2 25. Nc4 Nd4 26. Nb2 Qa5 27. Nc4 Qc7 28. Nb2 Ne2 29.
Qe3 Nxf4+ 30. Kf3 Nxh3 31. Bg3 Be5 32. Kg2 f5 33. Kxh3 fxe4 34. Nc4 Bxg3 35.
Qxg3 Qxg3+ 36. Kxg3 exd3 37. cxd3 Bb5 38. Ne5 Rbd8 39. Rf3 Rd5 40. Kf4 Rf8+ 41.
Ke4 Rxf3 42. Nxf3 Bxd3+ 43. Ke3 Bxb1 44. Nd2 Bc2 45. Ke2 Rxd2+ 46. Kxd2 Bxb3 47.
g5 a5 48. Ke3 a4 49. Ke4 Bd5+ 50. Ke5 b3 51. Kd6 a3 0-1